Superbohaterowie marvela - nagła śmierć - Statystyki

Ogólne statystyki
  • Ten quiz został rozwiązany 328 razy
  • Średni wynik to 12 z 19
Answers on the Grid
Answers color-coded by a green-red scale on the quiz's grid according to % correct below.
Ant-Man
Beast Boy
Czarna Pantera
Czarna Wdowa
Blade
Kaptain Ameryca
Kaptain Marvel
Cyrax
Daredevil
Mroczny Rycerz
Deadpool
Doctor Strange
Kaczor Donald
Gambit
Ghost Rider
Hawkman
Hulk
Ludzka Pochodnia
Stalowy gigant
Iron Man
Magnezone
Mega Man
Pan Iniemamocny
Quickster
Scarlet Wizard
Spider-Man
Starboy
Storm
Thor
War Machine
Wolverine
Zubat
 
Statystyki odpowiedzi
Odpowiedź % Poprawnych
Ant-Man
94%
Czarna Pantera
77%
Czarna Wdowa
77%
Doctor Strange
75%
Kaptain Ameryca
75%
Kaptain Marvel
75%
Hulk
74%
Deadpool
72%
Daredevil
71%
Iron Man
64%
Blade
58%
Thor
56%
Ghost Rider
54%
Spider-Man
54%
Wolverine
53%
Ludzka Pochodnia
52%
War Machine
41%
Gambit
38%
Storm
36%
Nie znaleziono quizów pasujących do podanych kryteriów
Rozkład punktacji
Procent ludzi z każdym wynikiem
Percentyl według liczby udzielonych odpowiedzi
Twoja historia wyników
Nie rozwiązałeś tego quizu